Manažerská ekonomika
Salvato in:
| Autore principale: | |
|---|---|
| Natura: | Libro |
| Lingua: | ceco |
| Pubblicazione: |
Praha
GRADA Publishing
2003
|
| Edizione: | 3. přeprac. a aktualiz. vyd. |
| Serie: | Expert
|
| Soggetti: | |
| Tags: |
Nessun Tag, puoi essere il primo ad aggiungerne!!
|
MARC
| LEADER | 00000nam$a2200000$$$4500 | ||
|---|---|---|---|
| 001 | 0001331 | ||
| 005 | 20240306141511.3 | ||
| 020 | |a 80-247-0515-X | ||
| 041 | 0 | |a cze | |
| 044 | |a CZ | ||
| 245 | 1 | 0 | |a Manažerská ekonomika |c Miloslav Synek a kolektiv |
| 250 | |a 3. přeprac. a aktualiz. vyd. | ||
| 264 | 1 | |a Praha |b GRADA Publishing |c 2003 | |
| 300 | |a 466 s. | ||
| 490 | 1 | |a Expert | |
| 830 | 0 | |a Expert | |
| 610 | 2 | 0 | |a manažment |
| 610 | 2 | 0 | |a podnikanie |
| 610 | 2 | 0 | |a podnik |
| 610 | 2 | 0 | |a kapitál |
| 610 | 2 | 0 | |a oceňovanie ekonomické |
| 610 | 2 | 0 | |a výnosy |
| 610 | 2 | 0 | |a náklady |
| 610 | 2 | 0 | |a plánovanie |
| 610 | 2 | 0 | |a zisk |
| 610 | 2 | 0 | |a marketing |
| 610 | 2 | 0 | |a nákup |
| 610 | 2 | 0 | |a výroba |
| 610 | 2 | 0 | |a investície |
| 610 | 2 | 0 | |a financovanie podnikov |
| 610 | 2 | 0 | |a internacionalizácia |
| 610 | 2 | 0 | |a kontroling |
| 610 | 2 | 0 | |a audit |
| 610 | 2 | 0 | |a likvidácia podniku |
| 100 | 1 | |a Synek, Miloslav | |